LEADER 01133nam a2200265 i 4500 001 000000129838 003 CaOOAMICUS 005 20041011000000.0 008 041011s1983 it u000 u ita u 013 $a102571 020 $a88-85020-46-1 040 $aSeMil$bita 100 1 $aBecchetti, Piero.$0(OLS)http://semarc/name/51607 245 10$aImmagini della campagna romana :$b1853-1915 /$cPiero Becchetti. 260 $aRoma :$bQuasar,$c1983. 300 $a221 p. :$briccamente ill. ;$c32 cm. 500 $aIn preliminari : Di questa Ed. sono stati stampati 1000 esempl. riservati al Banco di Roma. - Fondo Card. C.M. Martini. 650 4$aRoma - Territorio rurale - Immagini - 1853-1915.$0(OLS)http://semarc/subject/25658 850 $aSeMil 852 $aSeMil$W1$xVenegono$y1$m4Y VII 23$j83935$B83935$CSeMilBibl$Z2$F87392 $81 941 1 $a4 961 $aOmaggio: Martini Card. Carlo Maria 996 $6020$a88-85020-46-1$9(OLS)http://semarc/number/116658 996 $6245$aImmagini della campagna romana :$b1853-1915$9(OLS)http://semarc/title/191467 996 $6260$aRoma :$bQuasar$9(OLS)http://semarc/publisher/30161 LEADER 01537nam a2200277 i 4500 001 000000035755 003 CaOOAMICUS 005 20140502000000.0 008 140502s1974 it u000 u ita u 013 $a4303 040 $aSeMil$bita 100 1 $aPapadopulos, Stilianos G. <1933->.$0(OLS)http://semarc/name/16745 245 10$aPadri, accrescimento della Chiesa, lo Spirito Santo :$bstudio patrologico /$cStilianos G. Papadopulos Professore dell'Università di Atene ; Traduzione: Archimandrita Timotheos Moschopulos, Prof. Piero Scazzoso. 260 $aMilano :$bIstituto di studi teologici ortodossi S. Gregorio Palamas,$cstampa 1974. 300 $a103 p. ;$c18 cm. 490 0 $aIstituto di studi teologici ortodossi s. Gregorio Palamas ;$v3 650 4$aPatristica.$0(OLS)http://semarc/subject/3585 650 4$aTeologia ortodossa.$0(OLS)http://semarc/subject/2276 700 1 $aScazzoso, Piero <1912-1975>.$0(OLS)http://semarc/name/16744 700 1 $aMoschopulos, Timotheos .$0(OLS)http://semarc/name/16743 830 0$aIstituto di studi teologici ortodossi s. Gregorio Palamas ;$v3.$0(OLS)http://semarc/title/40537 850 $aSeMil 852 $aSeMil$W1$xVenegono$y1$m2K II 374$j1910$B1910$CSeMilBibl$Z2$F1910 $81 961 $aOmaggio: Casa editrice 996 $6245$aPadri, accrescimento della Chiesa, lo Spirito Santo :$bstudio patrologico$9(OLS)http://semarc/title/49159 996 $6260$aMilano :$bIstituto di studi teologici ortodossi S. Gregorio Palamas$9(OLS)http://semarc/publisher/30974